000 00762nai a2200205Ia 4500
003 IN-BaIIA
008 211028c9999 xx s 000 0 eng d
022 _a0018-9197 (Print)
022 _a1558-1713 (Online)
040 _cIIA Library
245 0 _aIEEE Journal of Quantum Electronics
_h[eJournal]
260 _aNew York, USA
_bThe Institute of Electrical and Electronics Engineers, Inc. (IEEE)
310 _aMonthly
362 _a1(1); 1965 - Present
521 _bSubscribed through National Knowledge Resource Consortium (NKRC)
650 _a Photonics and Electrooptics
_948838
650 _aEngineered Materials, Dielectrics and Plasmas
856 _uhttps://ieeexplore.ieee.org/servlet/opac?punumber=3
_yClick Here to Access eJournal
942 _cEJ
999 _c34523
_d34523